LEADER 01491nam2 22003373i 450 001 CAG1342866 005 20170908093303.0 100 $a20081126d2007 ||||0itac50 ba 101 | $aita 102 $ait 181 1$6z01$ai $bxxxe 182 1$6z01$an 200 1 $a˜5: œJoseph Haydn$f[Eduardo Rescigno, Paolo A. Rossini, Luigi Di Fronzo] 210 $aMilano$cCorriere della Sera$aSkira$d[2007] 215 $a157 p.$cill.$d21 cm 300 $aIndicazione di responsabilità dal sommario 300 $aEd. speciale per il Corriere della sera. 461 1$1001LO11111713$12001 $a˜I œclassici della musica$fa cura di Eduardo Rescigno$v5 606 $aHaydn, Joseph$2FIR$3CFIC130991$9I 676 $a780.92$9MUSICA. Persone connesse alla musica$v14 700 1$aRescigno$b, Eduardo$3CFIV007318$4070$0158783 701 1$aRossini$b, Paolo A.$3CAGV504398$4070$0744884 701 1$aDi Fronzo$b, Luigi$3RAVV048357$4070$0744882 801 3$aIT$bIT-NA0079$c20081126 850 $aIT-NA0593$aIT-NA0597 912 $aCAG1342866 950 2$aLiceo scientifico statale Francesco Sbordone$cv. 1-29$d LSLS 780.92 CLA$e LSBS 0000054695 B A4(0005 v. 5$fD $h20151014$i20151014 950 2$aBiblioteca "Il pozzo dell'arte"$bv. 2-27;30|$cv. 2-27;30$d NOMUSICA B 0005$e NO 0000001695 N (0005 v. 5$fT $h20081126$i20081126 977 $a LS$a NO 996 $aJoseph Haydn$91484633 997 $aUNISANNIO LEADER 05179nam 2200661Ia 450 001 9910831057403321 005 20180727120548.0 010 $a1-282-11821-8 010 $a9786612118210 010 $a0-470-76260-8 010 $a1-4443-1274-X 010 $a1-4443-1275-8 035 $a(CKB)1000000000766869 035 $a(EBL)428110 035 $a(SSID)ssj0000119489 035 $a(PQKBManifestationID)11143388 035 $a(PQKBTitleCode)TC0000119489 035 $a(PQKBWorkID)10057024 035 $a(PQKB)11741619 035 $a(MiAaPQ)EBC428110 035 $a(PPN)152229655 035 $a(OCoLC)352834398 035 $a(EXLCZ)991000000000766869 100 $a20060416d2006 uy 0 101 0 $aeng 135 $aur|n|---||||| 181 $2rdacontent 182 $2rdamedia 183 $2rdacarrier 200 04$aThe cervix$b[electronic resource] /$fedited by Joseph A. Jordan, Albert Singer 205 $a2nd ed. 210 $aMalden, MA $cBlackwell$dc2006 215 $a1 online resource (680 p.) 300 $aDescription based upon print version of record. 311 $a1-4051-3137-3 320 $aIncludes bibliographical references and index. 327 $aContributors; Preface to the first edition; Preface to the second edition; PART 1 Basic structure and function of the cervix; CHAPTER 1 Morphogenesis and differentiation of the cervicovaginal epithelium; CHAPTER 2 The functional anatomy of the cervix, the cervical epithelium and the stroma; CHAPTER 3 The vascular, neural and lymphatic anatomy of the cervix; CHAPTER 4 Immunochemistry and immunology of the cervix; PART 2 Physiological and drug-induced alterations within the cervical epithelium; CHAPTER 5 Morphology of the fetal and prepubertal cervicovaginal epithelium 327 $aCHAPTER 6 The cervical epithelium during puberty and adolescenceCHAPTER 7 The cervical epithelium and subepithelium during pregnancy and the puerperium; CHAPTER 8 Decidual ectopy of the uterine cervix; CHAPTER 9 The effects of oral contraceptive steroids, menopause and hormone replacement therapy on the cervical epithelium; CHAPTER 10 Diethylstilbestrol (DES) and the cervicovaginal epithelium; PART 3 The cervix and fertility and infertility; CHAPTER 11 The structure, chemistry and physics of human cervical mucus 327 $aCHAPTER 12 Sperm transport in the human and mammalian cervix and genital tract: its relation to fertilityPART 4 The cervix in pregnancy and labour; CHAPTER 13 Mechanics, biochemistry and pharmacology of the cervix and labour; CHAPTER 14 The incompetent cervix; PART 5 Cervical infections; CHAPTER 15 Pathology of inflammatory diseases of the cervix; CHAPTER 16 Common non-viral infections of the cervix: clinical features and management; CHAPTER 17 Common viral infections of the cervix (excluding human papillomavirus): clinical features and management 327 $aPART 6A Cervical neoplasia: natural history and pathologyCHAPTER 18 Epidemiology and the role of human papillomaviruses; CHAPTER 19 Molecular basis of cervical neoplasia; CHAPTER 20 Angiogenesis in cervical neoplasia; CHAPTER 21 Pathology of neoplastic squamous lesions; CHAPTER 22 The pathology of glandular cervical lesions; PART 6B Cervical neoplasia: screening; CHAPTER 23 Emotional aspects of cervical neoplasia screening and management; CHAPTER 24 Cytology of normal and neoplastic cervical epithelium; CHAPTER 25 Cytological screening for cervical neoplasia 327 $aCHAPTER 26 Screening for cervical cancer using HPV testsCHAPTER 27 Real-time devices for the screening and diagnosis of cervical neoplasia; CHAPTER 28A Tumour markers in cervical cancer b I; CHAPTER 28B Tumour markers in cervical cancer b II; CHAPTER 29A Screening for cervical cancer in developing countries; CHAPTER 29B Visual screening for cervical neoplasia in developing countries; PART 6C Cervical neoplasia: management of premalignant and malignant disease; CHAPTER 30 Colposcopy; CHAPTER 31 The management of cervical intraepithelial neoplasia (squamous) 327 $aCHAPTER 32 The management of cervical intraepithelial neoplasia (glandular) 330 $aAt over 600 pages, with more than 400 illustrations and photographs this text spans everything from embryology to the emotional trauma women undergo when their cervix is removed at hysterectomy. This is also the most up-to-date text in the field - The editors have referenced work to 2006(and will continue to until the text goes to press), whilst still including all the classic research material and images where appropriate. Essential for gynecologists, oncologists, basic scientists especially those involved in HPV (viral)research, GPs, nurses, colposcopy prctitioners, and sexual t 606 $aCervix uteri 606 $aCervix uteri$xDiseases 615 0$aCervix uteri. 615 0$aCervix uteri$xDiseases. 676 $a618.1/4 676 $a618.14 701 $aJordan$b Joseph A$091004 701 $aSinger$b Albert$0903337 801 0$bMiAaPQ 801 1$bMiAaPQ 801 2$bMiAaPQ 906 $aBOOK 912 $a9910831057403321 996 $aThe cervix$92019489 997 $aUNINA LEADER 03628nam 2200709 450 001 9910822376303321 005 20210422015914.0 010 $a0-231-52817-5 024 7 $a10.7312/molt15912 035 $a(CKB)2560000000151840 035 $a(EBL)1634884 035 $a(SSID)ssj0001181283 035 $a(PQKBManifestationID)12522875 035 $a(PQKBTitleCode)TC0001181283 035 $a(PQKBWorkID)11159424 035 $a(PQKB)11139417 035 $a(StDuBDS)EDZ0001248509 035 $a(MiAaPQ)EBC1634884 035 $a(DE-B1597)458441 035 $a(OCoLC)979720933 035 $a(DE-B1597)9780231528177 035 $a(Au-PeEL)EBL1634884 035 $a(CaPaEBR)ebr10872034 035 $a(CaONFJC)MIL608783 035 $a(OCoLC)877769552 035 $a(EXLCZ)992560000000151840 100 $a20140531h20142014 uy 0 101 0 $aeng 135 $aur|nu---|u||u 181 $ctxt 182 $cc 183 $acr 200 10$aCrowded orbits $econflict and cooperation in space /$fJames Clay Moltz 210 1$aNew York ;$aChichester, England :$cColumbia University Press,$d2014. 210 4$d©2014 215 $a1 online resource (241 p.) 300 $aIncludes index. 311 0 $a1-306-77532-9 311 0 $a0-231-15912-9 320 $aIncludes bibliographical references and index. 327 $tFront matter --$tContents --$tPreface --$tIntroduction --$t1. Getting Into Orbit --$t2. The Politics of the Space Age --$t3. Civil Space: Science and Exploration --$t4. Commercial Space Developments --$t5. Military Space: Expanded Uses and New Risks --$t6. Space Diplomacy --$t7. Trends and Future Options --$tNotes --$tIndex 330 $aSpace has become increasingly crowded since the end of the Cold War, with new countries, companies, and even private citizens operating satellites and becoming spacefarers. This book offers general readers a valuable primer on space policy from an international perspective. It examines the competing themes of space competition and cooperation while providing readers with an understanding of the basics of space technology, diplomacy, commerce, science, and military applications. The recent expansion of human space activity poses new challenges to existing treaties and other governance tools for space, increasing the likelihood of conflict over a diminishing pool of beneficial locations and resources close to Earth. Drawing on more than twenty years of experience in international space policy debates, James Clay Moltz examines possible avenues for cooperation among the growing pool of space actors, considering their shared interests in space traffic management, orbital debris control, division of the radio frequency spectrum, and the prevention of military conflict. Moltz concludes with policy recommendations for enhanced international collaboration in space situational awareness, scientific exploration, and restraining harmful military activities. 606 $aPlanets$xExploration 606 $aAstronautics and state 606 $aAstronautics$xInternational cooperation 606 $aSpace law 606 $aSpace security 607 $aOuter space$xExploration 615 0$aPlanets$xExploration. 615 0$aAstronautics and state. 615 0$aAstronautics$xInternational cooperation. 615 0$aSpace law. 615 0$aSpace security. 676 $a629.4/1 700 $aMoltz$b James Clay$01686634 801 0$bMiAaPQ 801 1$bMiAaPQ 801 2$bMiAaPQ 906 $aBOOK 912 $a9910822376303321 996 $aCrowded orbits$94059587 997 $aUNINA